BIBLIOTECA

SENCICO

Diseño de interior en un hospedaje - ecolodge / (Registro nro. 4461)

Detalles MARC
000 -LEADER
fixed length control field 01146nam a22002777a 4500
003 - CONTROL NUMBER IDENTIFIER
control field PE SENCICO BE
005 - DATE AND TIME OF LATEST TRANSACTION
control field 20251020182647.0
008 - FIXED-LENGTH DATA ELEMENTS--GENERAL INFORMATION
fixed length control field 231117b |||||||| |||| 00| 0 eng d
040 ## - CATALOGING SOURCE
Original cataloging agency PE SENCICO BE
Transcribing agency PE SENCICO BE
041 ## - LANGUAGE CODE
Language code of text/sound track or separate title spa
084 ## - OTHER CLASSIFICATION NUMBER
Classification number I
-- DIS
-- 2018
Item number C26
100 1# - MAIN ENTRY--PERSONAL NAME
9 (RLIN) 1813
Personal name Carlos Quesada, Rocío Denise
Relator term autor
245 1# - TITLE STATEMENT
Title Diseño de interior en un hospedaje - ecolodge /
Statement of responsibility, etc. Rocío Denise Carlos Quesada
260 ## - PUBLICATION, DISTRIBUTION, ETC.
Place of publication, distribution, etc. Lima :
Date of publication, distribution, etc. 2018
300 ## - PHYSICAL DESCRIPTION
Extent viii, 89 h. :
Other physical details il. col.;
Dimensions 30 cm.
500 ## - GENERAL NOTE
General note Texto en dos volúmenes. El volumen 2 contiene planos (30 x 40 cm.).
502 ## - DISSERTATION NOTE
Dissertation note Monografía de Titulación.-- Servicio Nacional de Capacitación para la Industria de la Construcción. Escuela Superior Técnica. Carrera Profesional Técnica en Diseño de Interiores, 2018
650 10 - SUBJECT ADDED ENTRY--TOPICAL TERM
9 (RLIN) 44
Topical term or geographic name entry element Diseño de interiores
650 20 - SUBJECT ADDED ENTRY--TOPICAL TERM
9 (RLIN) 806
Topical term or geographic name entry element Arquitectura ecológica
650 20 - SUBJECT ADDED ENTRY--TOPICAL TERM
9 (RLIN) 1806
Topical term or geographic name entry element Hoteles
650 20 - SUBJECT ADDED ENTRY--TOPICAL TERM
9 (RLIN) 1335
Topical term or geographic name entry element Desarrollo sostenible
650 20 - SUBJECT ADDED ENTRY--TOPICAL TERM
9 (RLIN) 615
Topical term or geographic name entry element Planos
710 1# - ADDED ENTRY--CORPORATE NAME
Corporate name or jurisdiction name as entry element Servicio Nacional de Capacitación para la Industria de la Construcción.
Subordinate unit Escuela Superior Técnica
9 (RLIN) 1065
910 ## - USER-OPTION DATA (OCLC)
-- hfp
-- hfp
942 ## - ADDED ENTRY ELEMENTS (KOHA)
Koha item type Monografía de Titulación
Existencias
Fecha de la última vez que lo usaron Número de ingreso o de inventario Pago total Signatura topográfica completa Código de barras Precio efectivo desde Tipo de documento Estado perdido Estado dañado No es para préstamo Retirado Ubicación permanente Ubicación actual Fecha de adquisición
17/11/2023 I-00285   I/DIS/2018/C26I/v. 1 BibLima23110048 17/11/2023 Monografía de Titulación         Biblioteca Central Lima Biblioteca Central Lima 17/11/2023
29/02/2024 I-00510   I/DIS/2018/C26I/v. 2 BibLima24020524 29/02/2024 Monografía de Titulación         Biblioteca Central Lima Biblioteca Central Lima 29/02/2024